MDQL
is popping MORE tags! Check the
thread
!
Quizzes
Events
Quiz Creation
Community
Videos
Private Events
Remove Ads
Sign In
Join for FREE
Feedback
Dark Mode
Quiz Categories
Sports
Geography
Music
Movies
Television
Just For Fun
Miscellaneous
History
Literature
Language
Science
Gaming
Entertainment
Religion
Holiday
For Kids
Quiz Lab
Recent
Popular Today
Quiz Kudos Today
Editor Picks
Curator Picks
Quizzes by...
Day
Popularity
Type
Ratings
Length
Year
Community
Subscriptions
Recent Discussions
Orange Saloon
Badges
Playlists
Quests
Create
Leaderboards
Showdown
Live 5
Trivia Bingo
Activity
Puzzle Library
Sporcle Events
Private Events
Virtual Trivia
Globe League
Become a Host
Pub Owners
SporcleCon
Opinionation
Our Games
Videos
Blog
Mobile Apps
Partnerships
Remove Ads and Go Orange
Feedback
Miscellaneous
Crossword
General Knowledge
Baby Names
Logo
Food
Cars
Numbers
Grab Bag
University
College
Popular
Company
Slogans
Restaurants
Justice
Letter
Miscellaneous
Crossword
General Knowledge
Baby Names
Logo
Food
Cars
Numbers
Grab Bag
University
College
Popular
Company
Slogans
Restaurants
Justice
Letter
Random Quiz
Search Sporcle
×
Quiz Lab
Quiz Lab
Miscellaneous
post
Type in answers that appear in a list
Type in answers that appear in a list
Classic
Best Score? Go Orange.
PSD's top 54 Post Counts Stats
Can you name the top 54 Post Counts on PSD?
By
Ronin
10m
54 Questions
76 Plays
76 Plays
76 Plays
Comments
Comments
Give Quiz Kudos
Give Quiz Kudos
-
- Ratings
hide this ad
More Info
Replay
Link that replays current quiz
Next Quiz
Link to next quiz in quiz playlist
You Got
0%
They Got
Avg Score
29%
Avg Friend Score
Upgrade to see
Score Distribution
Jump to the score distribution portion of the page
Score
0/54
Timer
10:00
0
Plays Today
Hint
User Handle
% Correct
Brown
Wrigleyboy25
65.8%
Cop
redwhitenblue
61.8%
Aaron Gray
jetsfan28
59.2%
Jose Reyes
jetsfan89
57.9%
Admin
Sports Illustrator
48.7%
Nazi
dbroncos78087
47.4%
OOTP Founder, Politics Mod, A's Dynasty, J The King
behindmydesk
47.4%
New York
yankeefan28
44.7%
Softball
CubsGirl
39.5%
Iowa
croce_99
38.2%
Crazy Creature
Gigantes4Life
35.5%
Threads
JordansBulls
35.5%
Drunk Driving
Your Name Here
35.5%
Florida
BroadwayJoe
34.2%
Movies
Tragedy
31.6%
Tattoo
ink
31.6%
jimbo
jimbobjarree
31.6%
Japan
DenButsu
31.6%
Miami
yboord028
31.6%
Canada
Bob_at_york
30.3%
LBJ
IndiansFan337
30.3%
Turrible
Driven
30.3%
Brave
BRAVE KID
28.9%
Nicole
sfgiants5518
28.9%
GOB
JDIsMyGod23
27.6%
dolphins
D-PHINSfan4life
27.6%
Mets
Sick Of It All
26.3%
Hint
User Handle
% Correct
Music
Buckwheat
26.3%
Metros
NYMetros
25%
Button
DamnGoat
23.7%
LOST
KHinrich12
23.7%
IRNO
Ramon Nivar
23.7%
Maple Leafs
McJoe
23.7%
76
Sixerlover
22.4%
Rangers
SLY WILLIAMS
22.4%
Soccer
TheRedMarauder
21.1%
SLU
ari1013
21.1%
RTF
Kirel
21.1%
OOTP Commish, MLB2k10
poodski
21.1%
Stig
DerekRE_3
21.1%
Mets
METS4LIFE1988
19.7%
Oakland
x_notorious
19.7%
Physics
MooseWithFleas
18.4%
Bobby Cox
bbsmets
18.4%
Lakers
superkegger
18.4%
bb
BlondeBomber41
17.1%
cinema
cynomatic
17.1%
Canada
carson005
17.1%
Braylon Edwards
nyyfan4life
17.1%
Pittsburgh
steelcityroller
15.8%
BW
brandonwarne52
15.8%
Sonic
kingbrentg
14.5%
LA
lakersrock
13.2%
April 1st, MLB Redraft
gocubs2118
9.2%
Quiz Playlist
Details
Report
Send in Message
Add To Playlist
More Info:
Name the top 54 post counts on PSD.
Classic:
Type in answers that appear in a list
Last Updated: Feb 16, 2017
Quiz Scoreboard
CHALLENGE
Sign Up to Join the Scoreboard
Show All
Scores
Hide
Comments
May contain spoilers
Recently Published
Image Sorting: Flags VI
by Barbecue
Geography
2m
Find the 'City' Movie
by crazypaving
Movies
60s
Colored Red Africa Blitz
by spor1
Geography
45s
More to Explore
Quiz From the Vault
Featured Blog Post
14 Easter Pick-up Lines to Find Eggs With
hide this ad
You Might Also Like...
Tags
count
handle
post
User
Today's Top Quizzes in Miscellaneous
Browse Miscellaneous
hide this ad
Top Contributed Quizzes in Miscellaneous
1
The JOE quick-fire general knowledge quiz: Day 174
2
5-to-1: Fast Food
3
9x9 Crossword: Disney Movie Titles
4
The JOE quick-fire general knowledge quiz: Day 173
5
9x9 Crossword: Charlie and the Chocolate Factory
6
9x9 Crossword: Actors
7
9x9 Crossword: 2022 Movies
8
9x9 Crossword: Flags
9
9x9 Crossword: The Simpsons
10
9x9 Crossword: Pixar Movie Titles
Explore More
Trending Topics
Crossword
Marvel
Disney
Harry Potter
Anime
NBA
Kpop
Pokémon
WWE
Song
NFL
Puzzle
Country
Soccer
The Office
hide this ad
More By:
Ronin
Quiz
Plays
Rating
Category
Featured
Created
PSD's top 54 Post Counts
76
Miscellaneous
Feb 26, 2010
Go to Creator's Profile
Score Distribution
Quiz Creator Spotlight
Ronin
Follow
Send a Message
Quizzes Created
-
Created Quiz Play Count
-
More By This Creator
Popular Quizzes Today
1
Colored Red Africa Blitz
2
Find the US States - No Outlines Minefield
3
Find the 'City' Movie
4
5x2 Blitz: Bands
5
The Countries of the World
6
Find the US States
7
Find the Countries of Europe - No Outlines Minefield
8
US States
More Miscellaneous Quizzes
Common Word Duos
Published
Trending Quizzes
Colored Red Europe Blitz I
Colored Red Europe Blitz II
Colored Red Africa Blitz II
Colored Red Europe Blitz III
Colored Red Africa Blitz III
Recently Updated
How Do You Spell That?
pecheneg
Godzilla Movies
pecheneg
Grab Bag: 4-10 Letters
pecheneg
2024 March Madness Bracket
pecheneg
Famous TV Couples
Peacemaker
Champions League XIs: Real Madrid
pecheneg
Largest US Cities 1790-2010
pecheneg
Rides in Walt Disney World
pecheneg
Most Oscar Losses (Acting)
pecheneg
Beyoncé Albums
pecheneg
Trending Topics
Harry Potter
NBA
Disney
Crossword
Kpop
Marvel
Anime
Country
WWE
Song
Pokémon
The Office
Puzzle
NFL
Soccer
Your Account Isn't Verified!
In order to create a playlist on Sporcle, you need to verify the email address you used during registration. Go to your
Sporcle Settings
to finish the process.
Report this User
Report this user for behavior that violates our
Community Guidelines
.
Details:
Send Report
Go to the Sporcle.com Mobile Site →
Comments